| 000 | 00406nam a22001337a 4500 | ||
|---|---|---|---|
| 082 | _a621.382 | ||
| 100 |
_aAhmad, Syeda Naimah _935372 |
||
| 245 |
_aImage Dehazing Through Resolution Enhancement / _cSyeda Naimah Ahmad |
||
| 260 |
_aRawalpindi _bMCS - NUST, _c 2016 |
||
| 300 | _a53 p. ; 30cm | ||
| 650 |
_aElectrical Engineering-MS-Thesis _916073 |
||
| 700 |
_aDr. Adil Masood _935373 |
||
| 942 |
_2ddc _cTHE |
||
| 999 |
_c608427 _d608427 |
||